000 00532nam a2200205Ia 4500
005 20250923145336.0
008 008 250917s9999 xx 000 0 eng d
037 _aTextual
040 _aDSWL
_beng
_cDSWL
041 _aeng
_2eng
084 _aL
_qDSWL
100 _aYoung, Ian
_9834266
245 4 _aThe Private life of Islam
_c by Ian Young
260 _aLondon
_bAllen Lane
_c1974
300 _avii,307p.
365 _aINR
_b56 . 45
925 _g56 . 45
942 _cTEXL
_hL
999 _c1450214
_d1450214